Statistics for Inventions of Scientists

Click here to take the quiz!

General Stats

  • This quiz has been taken 26 times
  • The average score is 8 of 15

Answer Stats

Answer% Correct
Heinrich Göbel/Thomas Alva Edison
96%
Graham Alexander Bell
92%
Alessandro Volta
72%
Samuel Morse
72%
Wright Brothers
72%
Nikola Tesla
68%
Robert Oppenheimer
68%
Louis Pasteur
60%
Carl Benz
56%
James Watt
56%
Wilhelm Conrad Röntgen
32%
Johannes Gutenberg
20%
Michael Faraday
20%
Georg Ohm
12%
Carl Wilhelm Siemens
0%

Score Distribution

Percentile by Number Answered

Percent of People with Each Score

Your Score History

You have not taken this quiz